| 000 | 00478cam a22001577a 4500 | ||
|---|---|---|---|
| 008 | 180718b1999 xxu||||| |||| 00| 0 eng d | ||
| 020 | _a0198505434 | ||
| 082 | _aA99 P166 | ||
| 100 | _aPais, Abraham | ||
| 245 |
_aTale of two continents: a physicist's life in a turbulent world _cby Abraham Pais |
||
| 260 |
_aOxford _bOxford Univ. Press _c1999 |
||
| 300 | _a511p. | ||
| 650 | _aPhysicists - Biography | ||
| 650 | _aScience - History | ||
| 650 | _aPais, Abraham - Autobiography | ||
| 999 |
_c391555 _d391555 |
||